| 000 | 01235nam a22003377a 4500 | ||
|---|---|---|---|
| 003 | CHAP | ||
| 005 | 20220329143341.0 | ||
| 008 | 081112s2005 es a r 00010 spa d | ||
| 010 | _a95371 | ||
| 011 | _a96343 | ||
| 020 | _a978495348098 | ||
| 035 | _a106994 | ||
| 040 | _cCHAP | ||
| 082 | 0 | 4 |
_a658.812 _bS43y |
| 100 | 1 |
_aShell, G. Richard _9105605 |
|
| 245 | 1 | 0 |
_aNegociar con ventaja : _bestrategias de negociación para gente razonable _c/por G. Richard Shell |
| 260 |
_aBarcelona, Esp. : _bAntoni Bosch, _c2005 |
||
| 300 |
_axvi, 287 p. : _bilus. |
||
| 500 | _aTrad. de : Bargaining for advantage: negotiation strategies for reasonable people | ||
| 590 |
_aBATCH-UPD _b10 _c20130110 _lUCH01 _h0636 |
||
| 590 |
_aBATCH-UPD _b10 _c20130410 _lUCH01 _h0320 |
||
| 590 |
_aBATCH-UPD _b10 _c20130913 _lUCH01 _h1950 |
||
| 590 |
_aCONVERSION _b10 _c20130109 _lUCH01 _h1353 |
||
| 650 | 1 | 4 |
_aAdministración de empresas. _9922 |
| 650 | 1 | 4 |
_aEstrategias administrativas. _938462 |
| 650 | 1 | 4 |
_aNegocios. _980696 |
| 901 | _aBK | ||
| 942 | _cLIBRO | ||
| 949 |
_a658.812 S43y _bBC _cLIBRO _d33724002069652 _eLIBRO _fc.2 _gI.c/e _h109853 _i106994 _sb _t$399.75 |
||
| 949 |
_a658.812 S43y _bBC _cLIBRO _d33724002069694 _eLIBRO _gI.c/e _h109852 _i106994 _si _t$399.75 |
||
| 999 |
_c95371 _d95371 |
||